000 00518pam a2200193 a 4500
020 _a9781416051855
_c3949.53
041 _aeng
_hNULL
082 _a612.61
_bGRE/CHE
100 _aGREENBERG, A .
245 _aPRIMER ON KIDNEY DISEASES /
_cNULL.
_hTextual Documents
250 _a5 /
_b.
260 _aNULL :
_bSAUNDER, ELSEVIER ,
_c2009.
300 _a594 :
_bXVI ;
_cA4 .
365 _a3949.53
700 _aCHEUNG, A .
_aCOFFMAN, T .
930 _a4048
999 _c798582
_d798582
650 _aPHYSIOLOGY